Detalles MARC
| 000 -CABECERA |
| campo de control de longitud fija |
01744nas a2200421 a 4500 |
| 001 - NÚMERO DE CONTROL |
| campo de control |
001443709 |
| 003 - IDENTIFICADOR DEL NÚMERO DE CONTROL |
| campo de control |
AR-RoIUNI |
| 005 - FECHA Y HORA DE LA ÚLTIMA TRANSACCIÓN |
| campo de control |
20190528150435.0 |
| 008 - DATOS DE LONGITUD FIJA--INFORMACIÓN GENERAL |
| campo de control de longitud fija |
180611c20099999ag fr p r 0 b0spa |
| 015 ## - NÚMERO DE BIBLIOGRAFÍA NACIONAL |
| Número de bibliografía nacional |
AR-2009 |
| 022 0# - NÚMERO INTERNACIONAL NORMALIZADO PARA PUBLICACIONES SERIADAS |
| Número Internacional Normalizado para Publicaciones Seriadas |
1852-2319 |
| Fuente |
8 |
| 040 ## - FUENTE DE LA CATALOGACIÓN |
| Centro catalogador/agencia de origen |
AR-BaBN |
| Centro/agencia transcriptor |
AR-RoIUNI |
| 044 ## - CÓDIGO DEL PAÍS DE LA ENTIDAD EDITORA/PRODUCTORA |
| Código MARC del país |
ag |
| Código ISO del país |
ar-s |
| 080 1# - NÚMERO DE LA CLASIFICACIÓN DECIMAL UNIVERSAL |
| Número de la Clasificación Decimal Universal |
34 REV |
| Identificador de la edición |
2004 |
| 210 0# - TÍTULO ABREVIADO |
| Título abreviado |
Rev. Inst. Derecho Integr. |
| 222 #0 - TÍTULO CLAVE |
| Título clave |
Revista del Instituto de Derecho e Integración |
| 245 10 - MENCIÓN DE TÍTULO |
| Título |
Revista del Instituto de Derecho e Integración. |
| 246 03 - FORMA VARIANTE DE TÍTULO |
| Título propio/Titulo breve |
Revista del IDeI |
| 260 ## - PUBLICACIÓN, DISTRIBUCIÓN, ETC. (PIE DE IMPRENTA) |
| Lugar de publicación, distribución, etc. |
Rosario |
| Nombre del editor, distribuidor, etc. |
Instituto de Derecho e Integración, Colegio de Escribanos de la Provincia de Santa Fe Segunda Circunscripción |
| Fecha de publicación, distribución, etc. |
[2009] |
| 300 ## - DESCRIPCIÓN FÍSICA |
| Extensión |
v. ; |
| Dimensiones |
22 cm. |
| 310 ## - PERIODICIDAD ACTUAL |
| Periodicidad actual |
Semestral |
| 500 ## - NOTA GENERAL |
| Nota general |
La Biblioteca posee solo el ejemplar año 1, no. 2 (2009). |
| 510 1# - NOTA DE CITAS O REFERENCIAS BIBLIOGRÁFICAS |
| Nombre de la fuente |
Latindex. |
| 546 ## - NOTA DE LENGUA/LENGUAJE |
| Nota de lengua/lenguaje |
Resúmenes en español e inglés. |
| 588 ## - NOTA DE FUENTE DE LA DESCRIPCIÓN |
| Nota de fuente de la descripción |
Descripción basada en: año 1, no. 2 (2009). |
| Institución que aplica el campo |
AR-BaBN |
| 650 10 - PUNTO DE ACCESO ADICIONAL DE MATERIA--TÉRMINO DE MATERIA |
| Término de materia o nombre geográfico como elemento inicial |
Derecho |
| 9 (RLIN) |
106 |
| 710 2# - PUNTO DE ACCESO ADICIONAL--NOMBRE DE ENTIDAD CORPORATIVA |
| Nombre de entidad corporativa o nombre de jurisdicción como elemento de entrada |
Colegio de Escribanos de la Provincia de Santa Fe Segunda Circunscripción. |
| Unidad subordinada |
Instituto de Derecho e Integración |
| 930 #2 - EQUIVALENCIA O REFERENCIA CRUZADA-ENCABEZAMIENTO DE TÍTULO UNIFORME [LOCAL, CANADÁ] |
| Lenguaje de la obra |
BNA01 |
| Medio de interpretación para música |
ISSUE |
| Enlace |
R00000960 |
| Enlace entre campo y número de secuencia |
20180611 |
| Título uniforme |
2009 |
| Fecha de publicación/de la obra |
12 |
| Medio |
V.1:no.2(2009:sept.) |
| Subencabezamiento de forma |
20180613 |
| 930 #2 - EQUIVALENCIA O REFERENCIA CRUZADA-ENCABEZAMIENTO DE TÍTULO UNIFORME [LOCAL, CANADÁ] |
| Lenguaje de la obra |
BNA01 |
| Medio de interpretación para música |
ISSUE |
| Enlace entre campo y número de secuencia |
20180611 |
| Título uniforme |
2009 |
| Fecha de publicación/de la obra |
12 |
| Nombre de parte o sección de la obra |
NA |
| Medio |
V.1:no.1(2009:marzo) |
| 930 #2 - EQUIVALENCIA O REFERENCIA CRUZADA-ENCABEZAMIENTO DE TÍTULO UNIFORME [LOCAL, CANADÁ] |
| Lenguaje de la obra |
BNA01 |
| Medio de interpretación para música |
ISSUE |
| Enlace entre campo y número de secuencia |
20180611 |
| Título uniforme |
2010 |
| Fecha de publicación/de la obra |
12 |
| Nombre de parte o sección de la obra |
NA |
| Medio |
V.2:no.3(2010:marzo) |
| 930 #2 - EQUIVALENCIA O REFERENCIA CRUZADA-ENCABEZAMIENTO DE TÍTULO UNIFORME [LOCAL, CANADÁ] |
| Lenguaje de la obra |
BNA01 |
| Medio de interpretación para música |
ISSUE |
| Enlace entre campo y número de secuencia |
20180611 |
| Título uniforme |
2010 |
| Fecha de publicación/de la obra |
12 |
| Nombre de parte o sección de la obra |
NA |
| Medio |
V.2:no.4(2010:sept.) |
| 930 #2 - EQUIVALENCIA O REFERENCIA CRUZADA-ENCABEZAMIENTO DE TÍTULO UNIFORME [LOCAL, CANADÁ] |
| Lenguaje de la obra |
BNA01 |
| Medio de interpretación para música |
ISSUE |
| Enlace entre campo y número de secuencia |
20180611 |
| Título uniforme |
2011 |
| Fecha de publicación/de la obra |
12 |
| Nombre de parte o sección de la obra |
NA |
| Medio |
V.3:no.5(2011:marzo) |
| 930 #2 - EQUIVALENCIA O REFERENCIA CRUZADA-ENCABEZAMIENTO DE TÍTULO UNIFORME [LOCAL, CANADÁ] |
| Lenguaje de la obra |
BNA01 |
| Medio de interpretación para música |
ISSUE |
| Enlace entre campo y número de secuencia |
20180611 |
| Título uniforme |
2011 |
| Fecha de publicación/de la obra |
12 |
| Nombre de parte o sección de la obra |
NA |
| Medio |
V.3:no.6(2011:sept.) |
| 942 ## - ELEMENTOS DE PUNTO DE ACCESO ADICIONAL (KOHA) |
| Fuente del sistema de clasificación o colocación |
Clasificación Decimal Universal |
| Tipo de ítem Koha |
Recursos Continuos |
| 956 ## - LOCALIZACIÓN Y ACCESO ELECTRÓNICOS LOCAL (OCLC) |
| Nombre del host |
MPINTO |
| Número de acceso |
20 |
| Información sobre la compresión |
20180611 |
| Proceso de conexión (Logon) |
BNA01 |
| Procesador de la petición |
1001 |
| 956 ## - LOCALIZACIÓN Y ACCESO ELECTRÓNICOS LOCAL (OCLC) |
| Nombre del host |
MPINTO |
| Número de acceso |
20 |
| Información sobre la compresión |
20180611 |
| Proceso de conexión (Logon) |
BNA01 |
| Procesador de la petición |
1001 |
| 956 ## - LOCALIZACIÓN Y ACCESO ELECTRÓNICOS LOCAL (OCLC) |
| Nombre del host |
JPIROLA |
| Número de acceso |
20 |
| Información sobre la compresión |
20180618 |
| Proceso de conexión (Logon) |
BNA01 |
| Procesador de la petición |
1731 |